Parole per sempre?
Gardado en:
| Autor Principal: | |
|---|---|
| Formato: | Libro |
| Idioma: | Lingua italiana |
| Publicado: |
Milán
Universita degli Studi
2002
|
| Edición: | 1a. ed |
| Subjects: | |
| Tags: |
Engadir etiqueta
Sen Etiquetas, Sexa o primeiro en etiquetar este rexistro!
|
MARC
| LEADER | 00000cam a2200000 a 4500 | ||
|---|---|---|---|
| 001 | UCD9186 | ||
| 003 | CL-VaPUC | ||
| 008 | 170609e20020000it |||||||||||||||||ita|d | ||
| 082 | 0 | 4 | |a 411.7 |b SAR |2 21 |
| 100 | 0 | |a Sartori, Antonio |e author |9 592887 | |
| 245 | 1 | 0 | |a Parole per sempre? |
| 246 | 1 | 2 | |a L'interpretazione delle epigrafie, le interpretazioni dell'epigrafia |
| 250 | |a 1a. ed | ||
| 300 | |a 103 p | ||
| 942 | |c BK | ||
| 945 | |d 20170609 16:51:00 |a dcastane | ||
| 260 | |a Milán |b Universita degli Studi |c 2002 | ||
| 650 | 7 | |a EPIGRAFIA LATINA |2 CL-VaPUC |9 439909 | |
| 650 | 0 | |a Escrituras antiguas |9 340321 | |
| 583 | |a last modification |c 20170609 16:51:00 |k Rodrigo Vera | ||
| 999 | |c 368449 |d 368447 | ||
| 952 | |0 0 |1 0 |3 erb |4 0 |6 411_700000000000000_SAR_2002 |7 0 |8 A |9 483780 |a FDOLAF |b FDOLAF |e Laffi, Umberto, 1939- |i 5396301 |o 411.7 SAR 2002 |p 5396301 |r 2024-01-30 |w 2019-11-24 |y BK |z Catalogado en:20170609 |k LAF | ||